Score 0/15 Timer 02:00
0 Plays Today
Clue 4-Letter Word % Correct
Saying: Where there's smoke, there's ____FIRE
96%
Saying: All's ____ that ends ____WELL
94.2%
Small, greenish-yellow fruitLIME
93%
Happening now; not on tape or prerecordedLIVE
92.8%
Make full; put into a containerFILL
87.4%
Wear out; exhaustTIRE
85.5%
★ Proverb: [rung 1] + [rung 7] + ____ + [rung 15] ★●WILL●
78.6%
American actress ____ TomlinLILY
78.5%
Clue 4-Letter Word % Correct
★ Proverb: [rung 1] + ____ + [rung 13] + [rung 15] ★●TIME●
77.6%
Greasy; covered with greaseOILY
75.7%
1993 movie with Tom Cruise: ''The ____''FIRM
74%
Thin layer or coatingFILM
72.6%
Roman historian Titus Livius' nicknameLIVY
72.5%
★ Proverb: [rung 1] + [rung 7] + [rung 13] + ____●TELL●
64.9%
★ Proverb: ____ + [rung 7] + [rung 13] + [rung 15] ★●ONLY●
63.7%

Today's Daily Dose

Remove Ads.
Support Sporcle.
Get the best of Sporcle when you Go Orange. This ad-free experience offers more features, more stats, and more fun while also helping to support Sporcle. Thank you for becoming a member.

You're not logged in!

Compare scores with friends on all Sporcle quizzes.
OR
Log In

Show Comments

Extras

Top Quizzes Today


Score Distribution

Your Account Isn't Verified!

In order to create a playlist on Sporcle, you need to verify the email address you used during registration. Go to your Sporcle Settings to finish the process.

Report this User

Report this user for behavior that violates our Community Guidelines.

Details: